Click the Fake U.S. Town - Part 2 - Statistics

General Stats
  • This quiz has been taken 10 times
  • The average score is 4 of 10
Answer Stats
Question Answer % Correct
Idaho Slow Springs
80%
Rhode Island Cardiff
60%
Oklahoma Dull Hammer
40%
North Dakota Nakota
40%
Michigan New York
40%
Kentucky Bristol
30%
Wyoming Grainfield
30%
Pennsylvania Sexton
30%
Hawaii Waikiki
30%
New Hampshire London
10%
No matching quizzes found
Score Distribution
Percent of People with Each Score
Percentile by Number Answered
Your Score History
You have not taken this quiz